000 00846cab a2200217 4500
001 ABS40645
008 090401t1989 xxu||||| |||| 00| 0 eng d
035 _a(Sirsi) u25212
041 _aeng
100 _aStoker, G.
245 _aUrban Development Corporations: a review
260 _c1989
350 _a0
490 _aRegional Studies
_v23(2) April 1989, 159-173(9)
520 _aExamines the role of Urban Development Corporations (UDCs). It starts by considering their powers and duties and reviews the operation of the three generations of UDC so far established. The article concludes by examining the economic, social and political outputs of UDCs. References. (Journal abstract)
650 _aLDDC
650 _aMERSEYSIDE DEVELOPMENT CORPORATION
690 _aPLANNING LAW AND PRACTICE
942 _n0
948 _c04/03/1997
999 _c16921
_d16921